University Home | Library Home | Institutional Repository

Modern analytical techniques / (Record no. 126664)

MARC details
000 -LEADER
fixed length control field 00675cam8a220021700 4500
001 - CONTROL NUMBER
control field tmp15826642
003 - CONTROL NUMBER IDENTIFIER
control field UPRA
005 - DATE AND TIME OF LATEST TRANSACTION
control field 20190822092344.0
008 - FIXED-LENGTH DATA ELEMENTS--GENERAL INFORMATION
fixed length control field 951103s1973 enk eng u
035 ## - SYSTEM CONTROL NUMBER
System control number (Sirsi) r93092
035 ## - SYSTEM CONTROL NUMBER
System control number (UPRA)tmp15826642
040 ## - CATALOGING SOURCE
Transcribing agency UPRA
100 1# - MAIN ENTRY--PERSONAL NAME
Personal name Owen, Frank 1922-1982
Dates associated with a name Owen, Frank 1922-1982
Linkage A115113.1
245 10 - TITLE STATEMENT
Title Modern analytical techniques /
Statement of responsibility, etc. [by] Frank Owen [and] Ronald H. Jones.
260 ## - PUBLICATION, DISTRIBUTION, ETC.
Place of publication, distribution, etc. Stockport :
Name of publisher, distributor, etc. Polytech Publishers,
Date of publication, distribution, etc. [1973]
650 #0 - SUBJECT ADDED ENTRY--TOPICAL TERM
Topical term or geographic name entry element Mathematical analysis.
Linkage S410.1
700 1# - ADDED ENTRY--PERSONAL NAME
Personal name Jones, Ronald H.
Linkage A51904.1
949 ## - LOCAL PROCESSING INFORMATION (OCLC)
a QA300
w lcc
i -130943
m MAIN
t BOOK
l ON-SHELF
987 ## - LOCAL ROMANIZATION/CONVERSION HISTORY (OCLC)
Romanization/conversion identifier WITHDRAWN

No items available.

© 2026 - The University of Zambia Library - Koha v25.11